Football: Leaders des principaux championnats Européens - Statistiques

Statistiques générales
  • Ce quiz a été pris 520 fois
    292 depuis la dernière actualisation
  • Le résultat moyen est 7 sur 8
Statistiques - réponses
Réponse % Correct
Paris SG
100%
Real Madrid
96%
Inter Milan
95%
Liverpool
91%
Benfica Lisbonne
89%
Bayer Leverkusen
88%
PSV Eindhoven
79%
Royale Union Saint-Gilloise
25%
Aucun quiz correspondant
Distribution des résultats
% des personnes avec chaque résultat
Percentile par nombre de réponses
Votre historique - résultats
Vous n’avez pas pris ce quiz depuis la dernière actualisation